00790nam a2200193 i 450000100060000000300090000600500170001500700030003200800410003510000430007624500820011926000320020130000500023350501110028370000350039485200300042999900170045995201200047623508ES-MaACL20260203063028.0t|021210s1959 sp ||||1| spa d1 aAllingham, Margery, d1904-196692004110aNovelas escogidas / cMargery Allingham ; prólogo de Salvador Bordoy Luque. aMadrid : bAguilar, c1959. a1275 p. : b1 h. lam. retr. autora ; c20 cm.8 aContiene:El cáliz de los Gyrth. Mystery Mile. Duelo en el ballet. Plumas negras. El caso del difunto Pig1 aBordoy Luque, Salvador.930424 aES-MaACLjP-720 bR.44763 c23508d23508 00104070aATENEOMbATENEOMcDEPO2d2008-01-17eSCl0oP-720p1024223r2023-02-23 00:00:00w2023-02-23yMONOGRAFIA